| 000 | 00728nam a22002057a 4500 | ||
|---|---|---|---|
| 999 |
_c2057 _d2057 |
||
| 003 | AR-CdUCM | ||
| 008 | 190301b ||||| |||| 00| 0 spa d | ||
| 040 |
_aMUNICIPALIDAD PROVINCIAL DEL CUSCO _cBIBLIOTECA MUNICIPAL DEL CUSCO |
||
| 082 |
_a301.15 / _bF64 |
||
| 100 |
_aFlores, Fernando Jorge _97445 |
||
| 245 | _aRebelión juvenil y cambio social / | ||
| 260 |
_aArgentina : _bEdit.Americalee, _c1973 |
||
| 300 |
_a199 paginas ; _c20 cm. |
||
| 505 | _aEl sistema esta podrido --La rebelión hippi --Nuestra señora de Solentiname --El retorno a las tribus --El cambio no violento ... | ||
| 650 |
_aSistema _97446 |
||
| 650 |
_aHambre _97447 |
||
| 650 |
_aJusticia _97448 |
||
| 942 |
_2ddc _cLIBROS |
||
| 945 |
_arjall _d2019-03-01 |
||